| 000 | 00342nam a2200145Ia 4500 | ||
|---|---|---|---|
| 100 | _aTheraja/B.L | ||
| 650 | _aElectrical Engineering | ||
| 490 | _vIV | ||
| 942 | _cBK | ||
| 654 | _aElectrical Technology | ||
| 245 | _aText book of Electrical technology | ||
| 260 |
_bS.Chand & C0 _aNew Delhi _c1977 |
||
| 082 | _a621.3 | ||
| 546 | _aENGLISH | ||
| 999 |
_c26698 _d26698 |
||